[Event "TCh-FRA Top 12 2021"]
[Site "Chalons en Champagne FRA"]
[Date "2021.06.29"]
[Round "6.2"]
[Board "3"]
[White "Eden, James"]
[Black "Ternault, Mathieu"]
[Result "1-0"]
[WhiteTitle "IM"]
[BlackTitle "FM"]
[WhiteElo "2294"]
[BlackElo "2308"]
[WhiteTeam "US Villejuif Echecs"]
[BlackTeam "Echiquier Agenais"]
[WhiteFideId "666491"]
[BlackFideId "20641532"]
[EventDate "2021.06.24"]

1. e4 e6 2. d4 d5 3. Nd2 c5 4. exd5 Qxd5 5. Ngf3 cxd4 6. Bc4 Qd7 7. O-O Nc6 8.
Nb3 a6 9. Nbxd4 Nxd4 10. Nxd4 Qc7 11. Qe2 Bd6 12. h3 Ne7 13. Rd1 Bh2+ 14. Kh1
Bf4 15. Bxf4 Qxf4 16. Nf3 O-O 17. Rd4 Qf6 18. Bd3 Nc6 19. Rh4 h6 20. Qe4 Qf5 21.
Qxc6 bxc6 22. Bxf5 exf5 23. Rc4 Re8 24. Rd1 Be6 25. Rxc6 Rec8 26. Nd4 Rxc6 27.
Nxc6 Kf8 28. b3 f4 29. f3 g5 30. Kg1 a5 31. Nd4 Bd7 32. c4 Ke7 33. Kf2 Rb8 34.
Ke2 Re8 35. Kd2 Kd6 36. Kc3 Kc5 37. Nc2 Bc6 38. a3 h5 39. b4+ Kb6 40. b5 Ba8 41.
Rd6+ Kc7 42. c5 Re5 43. Kc4 Re2 44. b6+ Kc8 45. Nd4 Rxg2 46. c6 Rf2 47. c7 1-0

[Event "TCh-FRA Top 12 2021"]
[Site "Chalons en Champagne FRA"]
[Date "2021.06.29"]
[Round "6.2"]
[Board "4"]
[White "Fantinel, Thibault"]
[Black "Dutreuil, Raphael"]
[Result "1/2-1/2"]
[WhiteTitle "IM"]
[BlackTitle "FM"]
[WhiteElo "2380"]
[BlackElo "2309"]
[WhiteTeam "Echiquier Agenais"]
[BlackTeam "US Villejuif Echecs"]
[WhiteFideId "663395"]
[BlackFideId "20630999"]
[EventDate "2021.06.24"]

1. e4 c6 2. d4 d5 3. e5 c5 4. Ne2 cxd4 5. Nxd4 e6 6. Bd3 Nc6 7. Nxc6 bxc6 8. O-O
a5 9. Qe2 Ne7 10. c4 Ba6 11. Nc3 Ng6 12. Kh1 Bb4 13. f4 O-O 14. Rd1 Qe8 15. Be3
Rd8 16. cxd5 Bxd3 17. Qxd3 cxd5 18. Ne2 Rb8 19. Rac1 Be7 20. Rd2 f6 21. exf6
Bxf6 22. Bc5 Rf7 23. b3 Rc8 24. Rdc2 Rfc7 25. a3 Bb2 26. Rxb2 Rxc5 27. Rbc2 Qe7
28. Rxc5 Rxc5 29. Qe3 Rxc1+ 30. Qxc1 Qd6 31. Qe3 Ne7 32. Nd4 Kf7 33. g3 Nf5 34.
Nxf5 exf5 35. Qa7+ Kg6 36. Qd4 Qxa3 37. Qxd5 Qc1+ 38. Kg2 Qc2+ 39. Kh3 Qe2 40.
Qxa5 Qg4+ 41. Kg2 Qe2+ 42. Kg1 Qe3+ 43. Kg2 Qe2+ 44. Kg1 1/2-1/2

[Event "TCh-FRA Top 12 2021"]
[Site "Chalons en Champagne FRA"]
[Date "2021.06.29"]
[Round "6.2"]
[Board "5"]
[White "Cantin, Loic"]
[Black "Louis, Thibault"]
[Result "1-0"]
[BlackTitle "FM"]
[WhiteElo "2182"]
[BlackElo "2269"]
[WhiteTeam "US Villejuif Echecs"]
[BlackTeam "Echiquier Agenais"]
[WhiteFideId "679070"]
[BlackFideId "681369"]
[EventDate "2021.06.24"]

1. e4 c6 2. d4 d5 3. e5 c5 4. dxc5 e6 5. a3 Bxc5 6. Qg4 Ne7 7. Nf3 Nf5 8. Bd3 h5
9. Qf4 Nc6 10. O-O Nce7 11. Nc3 f6 12. Re1 O-O 13. b4 Bb6 14. exf6 Rxf6 15. Qd2
Ng6 16. Qg5 Nfh4 17. Bxg6 Rxg6 18. Qxh4 Qf8 19. Qxh5 Qf7 20. Kh1 e5 21. Nxe5
Qxf2 22. Bg5 1-0

[Event "TCh-FRA Top 12 2021"]
[Site "Chalons en Champagne FRA"]
[Date "2021.06.29"]
[Round "6.2"]
[Board "6"]
[White "Domenech, Vianney"]
[Black "Caille, Hugo"]
[Result "1-0"]
[WhiteElo "2265"]
[BlackElo "2182"]
[WhiteTeam "Echiquier Agenais"]
[BlackTeam "US Villejuif Echecs"]
[WhiteFideId "656089"]
[BlackFideId "20681348"]
[EventDate "2021.06.24"]

1. d4 Nf6 2. Nf3 g6 3. Bf4 Bg7 4. e3 d6 5. Be2 c5 6. c3 Nh5 7. Bg5 h6 8. Bh4 g5
9. Nfd2 Nf6 10. Bg3 cxd4 11. cxd4 Nc6 12. Nc3 O-O 13. O-O a6 14. Rc1 b5 15. h4
Bd7 16. hxg5 hxg5 17. Nce4 Nh7 18. Nf3 Bh6 19. d5 Na5 20. Nd4 f5 21. Nd2 Nf6 22.
b4 Nb7 23. Bd3 f4 24. exf4 gxf4 25. Bh4 Qe8 26. Rc7 Nd8 27. Re1 Nxd5 28. Rxd7
Qxd7 29. Qh5 e5 30. Qxh6 Qg7 31. Qxd6 Nf7 32. Qxd5 exd4 33. Ne4 Qh6 34. Bg5 Qb6
35. Nf6+ Kh8 36. Bh4 Nh6 37. Re7 1-0

[Event "TCh-FRA Top 12 2021"]
[Site "Chalons en Champagne FRA"]
[Date "2021.06.29"]
[Round "6.2"]
[Board "7"]
[White "Maatoug, Redwan"]
[Black "Boukhris-Ferre, Yacine"]
[Result "1-0"]
[WhiteElo "2202"]
[BlackElo "2185"]
[WhiteTeam "US Villejuif Echecs"]
[BlackTeam "Echiquier Agenais"]
[WhiteFideId "629162"]
[BlackFideId "697087"]
[EventDate "2021.06.24"]

1. e4 e5 2. Nf3 Nc6 3. Bb5 f5 4. d4 fxe4 5. Nxe5 Nxe5 6. dxe5 c6 7. Ba4 Qa5+ 8.
Nc3 Qxe5 9. O-O Nf6 10. Be3 Bc5 11. Bxc5 Qxc5 12. Re1 d5 13. Bb3 Bg4 14. Na4 Qa5
15. Qd4 O-O 16. c4 dxc4 17. Qxc4+ Kh8 18. Nc5 Rae8 19. Nxe4 Qe5 20. f3 Nxe4 21.
Rxe4 Qxb2 22. Rae1 Rxe4 23. Qxe4 Bc8 24. Qe7 Qd4+ 25. Kh1 Qd8 26. Qxd8 Rxd8 27.
Re7 c5 28. Rc7 Be6 29. h4 c4 30. Bc2 Bd5 31. Kh2 Kg8 32. a4 Bc6 33. a5 a6 34.
Be4 Rd6 35. Rc8+ Kf7 36. Bxh7 c3 37. h5 Rd2 38. Be4 c2 39. Bxc6 c1=Q 40. Be8+
Ke7 41. Rxc1 Kxe8 42. Rc7 Kf8 43. Rxb7 Rd5 44. g4 Rxa5 45. Ra7 Ra1 46. Kg3 a5
47. Kf4 a4 48. Kf5 a3 49. f4 a2 50. g5 Rh1 51. Rxa2 Rxh5 52. Ke4 1-0

[Event "TCh-FRA Top 12 2021"]
[Site "Chalons en Champagne FRA"]
[Date "2021.06.29"]
[Round "6.2"]
[Board "8"]
[White "Gennesseaux, Gabrielle"]
[Black "Afraoui, Solenn"]
[Result "1/2-1/2"]
[WhiteElo "1799"]
[BlackElo "1889"]
[WhiteTeam "Echiquier Agenais"]
[BlackTeam "US Villejuif Echecs"]
[WhiteFideId "20686684"]
[BlackFideId "625167"]
[EventDate "2021.06.24"]

1. e4 c5 2. Nf3 a6 3. d4 cxd4 4. Nxd4 Nf6 5. Nc3 d6 6. Be2 e6 7. O-O Be7 8. Be3
O-O 9. Bf3 Nbd7 10. a4 Qc7 11. Nb3 Ne5 12. Be2 b6 13. f3 Bb7 14. Qd4 Ned7 15.
Rad1 d5 16. exd5 Bxd5 17. Kh1 Rfd8 18. Qh4 Nf8 19. Qf2 N8d7 20. Bd3 Bd6 21. Qh4
Bb7 22. Bg5 h6 23. Bc1 Be5 24. Ne2 Nd5 25. c3 Bf6 26. Qh3 Ne5 27. Be4 Nc4 28.
Bxd5 Bxd5 29. Nbd4 Nd6 30. Ng3 Bc4 31. Rfe1 e5 32. Ndf5 Nxf5 33. Qxf5 Be6 34.
Qh5 Rxd1 35. Rxd1 Rd8 36. Re1 Kh7 37. Ne4 Be7 38. g4 Bd5 39. g5 Bxe4 40. fxe4
Qc4 41. gxh6 g6 42. Qxe5 Bf8 43. Qf4 Qb3 44. Qg4 Qxa4 45. Rf1 Qc4 46. Qf3 Rd7
47. Be3 b5 48. Bd4 Qe6 49. Qg3 Qxe4+ 50. Kg1 Bxh6 51. Re1 Qf4 52. Qh3 Qg5+ 53.
Kh1 Re7 54. Rf1 Qd5+ 55. Kg1 Qe6 56. Qf3 Kg8 57. Bf6 Qe3+ 58. Kg2 Qxf3+ 59. Rxf3
Rd7 60. b3 Bg7 61. Bxg7 Kxg7 62. c4 bxc4 63. bxc4 Rd2+ 64. Kg3 Rc2 65. Ra3 Rxc4
66. Rxa6 Kh6 67. Rf6 Kg7 68. Ra6 f5 69. Ra7+ Kf6 70. Ra6+ Kg5 71. Ra3 Rd4 72.
Kf3 Rh4 73. Kg3 f4+ 74. Kg2 Rg4+ 75. Kf2 Kh5 76. Ra8 g5 77. Rh8+ Kg6 78. Kf3 Rg1
79. Kf2 Ra1 80. Kf3 Ra4 81. Rg8+ Kf6 82. Rf8+ Kg7 83. Rf5 Kg6 84. Rf8 Ra7 85.
Rg8+ Rg7 86. Rxg7+ Kxg7 87. h4 gxh4 88. Kxf4 1/2-1/2

[Event "TCh-FRA Top 12 2021"]
[Site "Chalons en Champagne FRA"]
[Date "2021.06.29"]
[Round "6.3"]
[Board "1"]
[White "Alonso Rosell, Alvar"]
[Black "Bacrot, Etienne"]
[Result "1/2-1/2"]
[WhiteTitle "GM"]
[BlackTitle "GM"]
[WhiteElo "2572"]
[BlackElo "2678"]
[WhiteTeam "Club 608 Paris"]
[BlackTeam "Bischwiller"]
[WhiteFideId "2270544"]
[BlackFideId "605506"]
[EventDate "2021.06.24"]

1. d4 d5 2. c4 e6 3. Nc3 Nf6 4. cxd5 exd5 5. Bg5 c6 6. e3 Bf5 7. Qf3 Bg6 8. Bxf6
Qxf6 9. Qxf6 gxf6 10. Nf3 a5 11. Nh4 Bb4 12. a3 Bxc3+ 13. bxc3 b5 14. a4 bxa4
15. Kd2 Nd7 16. Rxa4 Nb6 17. Ra2 Kd7 18. Be2 a4 19. Nxg6 hxg6 20. h4 f5 21. h5
Kc7 22. Kc2 Rh6 23. Rb2 gxh5 24. g3 Nc8 25. Ra2 Nd6 26. Bd3 Ne4 27. Bxe4 fxe4
28. Rha1 Rf6 29. Kd1 c5 30. dxc5 Kc6 31. Ke2 Kb5 32. Ra3 Rfa6 33. Rd1 Kxc5 34.
Rd4 Ra5 35. Ke1 f5 36. Ke2 R5a6 37. Ke1 h4 38. gxh4 Rh6 39. Raxa4 Rxa4 40. Rxa4
Rxh4 41. Ra8 f4 42. Rc8+ Kb5 43. exf4 Rxf4 44. Ke2 Rf3 45. Rc7 Kb6 46. Rc8 Kb5 1/2-1/2

[Event "TCh-FRA Top 12 2021"]
[Site "Chalons en Champagne FRA"]
[Date "2021.06.29"]
[Round "6.3"]
[Board "2"]
[White "Naiditsch, Arkadij"]
[Black "Iglesias, Joachim"]
[Result "1-0"]
[WhiteTitle "GM"]
[BlackTitle "FM"]
[WhiteElo "2649"]
[BlackElo "2259"]
[WhiteTeam "Bischwiller"]
[BlackTeam "Club 608 Paris"]
[WhiteFideId "4650891"]
[BlackFideId "637823"]
[EventDate "2021.06.24"]

1. e4 c5 2. Nf3 d6 3. Nc3 e5 4. Bc4 Be7 5. d3 Nf6 6. Nd2 Bg4 7. f3 Be6 8. O-O
O-O 9. Re1 a6 10. Nf1 b5 11. Bd5 Nxd5 12. exd5 Bc8 13. f4 Nd7 14. f5 Nb6 15. Qf3
Bb7 16. Ne3 Rc8 17. Ne4 c4 18. Bd2 Nd7 19. dxc4 bxc4 20. b3 Nf6 21. bxc4 Nxe4
22. Qxe4 Bg5 23. Rab1 Ba8 24. Nf1 g6 25. Qd3 Kh8 26. Bxg5 Qxg5 27. Ng3 gxf5 28.
Nxf5 Rg8 29. g3 Rxc4 30. Qxc4 Qxf5 31. Rf1 Qg6 32. Rb6 f5 33. Qb3 1-0

[Event "TCh-FRA Top 12 2021"]
[Site "Chalons en Champagne FRA"]
[Date "2021.06.29"]
[Round "6.3"]
[Board "3"]
[White "Song, Julien"]
[Black "Ragger, Markus"]
[Result "0-1"]
[WhiteTitle "IM"]
[BlackTitle "GM"]
[WhiteElo "2328"]
[BlackElo "2680"]
[WhiteTeam "Club 608 Paris"]
[BlackTeam "Bischwiller"]
[WhiteFideId "659487"]
[BlackFideId "1610856"]
[EventDate "2021.06.24"]

1. d4 Nf6 2. c4 g6 3. Nc3 d5 4. cxd5 Nxd5 5. e4 Nxc3 6. bxc3 Bg7 7. Be3 c5 8.
Nf3 Qa5 9. Qd2 O-O 10. Rc1 Nd7 11. Bh6 Nf6 12. Bd3 Bg4 13. e5 Nd7 14. Bxg7 Kxg7
15. h4 Bxf3 16. gxf3 cxd4 17. cxd4 Qxd2+ 18. Kxd2 Rfd8 19. e6 Nb6 20. exf7 Rxd4
21. Ke3 Ra4 22. Be4 Nc4+ 23. Kf4 Rf8 24. Kg3 Nd6 25. Bd5 Nf5+ 26. Kg2 Nxh4+ 27.
Kh3 Nf5 28. Rc7 b6 29. Rhc1 Rd4 30. Be6 Rh4+ 31. Kg2 Nd4 32. Rxe7 Nxe6 33. Rxe6
Rxf7 34. Rc3 Ra4 35. a3 Rd7 36. Kg3 Kf7 37. Re5 Kf6 38. Re8 Ra5 39. f4 Rad5 40.
f3 Rd3 41. Rc6+ Kf7 42. Ree6 Rxa3 43. f5 gxf5 44. Rf6+ Kg7 45. Rxf5 Rf7 46. Rg5+
Kf8 47. Kg4 Raxf3 48. Rc8+ Ke7 49. Re5+ Kd6 50. Ree8 Rf1 0-1

[Event "TCh-FRA Top 12 2021"]
[Site "Chalons en Champagne FRA"]
[Date "2021.06.29"]
[Round "6.3"]
[Board "4"]
[White "Fressinet, Laurent"]
[Black "Ramirez Garcia, Jorge Alberto"]
[Result "1-0"]
[WhiteTitle "GM"]
[BlackTitle "FM"]
[WhiteElo "2638"]
[BlackElo "2305"]
[WhiteTeam "Bischwiller"]
[BlackTeam "Club 608 Paris"]
[WhiteFideId "608742"]
[BlackFideId "5108101"]
[EventDate "2021.06.24"]

1. d4 d5 2. c4 e6 3. Nc3 Nf6 4. cxd5 exd5 5. Bg5 c6 6. e3 Bd6 7. Bd3 O-O 8. Nge2
Re8 9. Qc2 h6 10. Bh4 a5 11. h3 Na6 12. a3 Nc7 13. O-O Ne6 14. Bf5 Ng5 15. Nf4
Nfe4 16. Bxe4 dxe4 17. Bg3 Bxf4 18. Bxf4 Bxh3 19. gxh3 Nxh3+ 20. Kg2 Nxf4+ 21.
exf4 Qxd4 22. Rfe1 e3 23. fxe3 Rxe3 24. Qf2 Rd3 25. Qxd4 Rxd4 26. Kf3 Rd2 27.
Re2 Rad8 28. Rae1 g5 29. fxg5 hxg5 30. Ne4 R8d3+ 31. Kg4 Rxe2 32. Rxe2 Kf8 33.
Kxg5 Rd1 34. Kf4 Rf1+ 35. Ke5 Ke7 36. Kd4 Kd8 37. Rf2 Rd1+ 38. Kc3 Kc7 39. Rxf7+
Kb6 40. Nd2 Ka6 41. Rf1 Rxf1 42. Nxf1 Kb5 43. Nd2 Kc5 44. Kd3 Kb5 45. Ne4 b6 46.
Kd4 Ka4 47. Kc4 b5+ 48. Kc3 b4+ 49. Kc4 1-0

[Event "TCh-FRA Top 12 2021"]
[Site "Chalons en Champagne FRA"]
[Date "2021.06.29"]
[Round "6.3"]
[Board "5"]
[White "Mendeiros, Jerome"]
[Black "Rodshtein, Maxim"]
[Result "0-1"]
[BlackTitle "GM"]
[WhiteElo "2134"]
[BlackElo "2614"]
[WhiteTeam "Club 608 Paris"]
[BlackTeam "Bischwiller"]
[WhiteFideId "607975"]
[BlackFideId "2806851"]
[EventDate "2021.06.24"]

1. e4 c5 2. Nf3 Nc6 3. Bb5 e6 4. Bxc6 bxc6 5. e5 Ne7 6. b3 Ng6 7. h4 f6 8. Bb2
Be7 9. Na3 O-O 10. Nc4 Ba6 11. h5 Nf4 12. g3 Nd5 13. d3 fxe5 14. Nfxe5 Bf6 15.
Qd2 d6 16. Ng4 Bxb2 17. Nxb2 e5 18. Nc4 Bc8 19. Rh4 Nc7 20. O-O-O Ne6 21. c3 a5
22. a4 Rb8 23. Kc2 Rf7 24. Qe3 Nc7 25. Nd2 Be6 26. Nc4 Nd5 27. Qd2 h6 28. Rf1
Kh7 29. Nh2 Rfb7 30. Rb1 Nf6 31. f3 Kh8 32. Qe3 Qc7 33. Nf1 Nd7 34. f4 Bxc4 35.
dxc4 d5 36. cxd5 cxd5 37. fxe5 d4 38. Qe4 Nxe5 39. Nd2 d3+ 40. Kc1 c4 41. Rf4
cxb3 42. Kb2 Rb4 43. Qf5 Qc5 44. Re1 Rxa4 0-1

[Event "TCh-FRA Top 12 2021"]
[Site "Chalons en Champagne FRA"]
[Date "2021.06.29"]
[Round "6.3"]
[Board "6"]
[White "Le Roux, Jean-Pierre"]
[Black "Lemonnier, Remi"]
[Result "1-0"]
[WhiteTitle "GM"]
[WhiteElo "2524"]
[BlackElo "2125"]
[WhiteTeam "Bischwiller"]
[BlackTeam "Club 608 Paris"]
[WhiteFideId "609404"]
[BlackFideId "648280"]
[EventDate "2021.06.24"]

1. d4 f5 2. g3 Nf6 3. Bg2 g6 4. c3 Bg7 5. h4 Nc6 6. Nh3 e5 7. d5 Ne7 8. d6 cxd6
9. Qxd6 e4 10. c4 O-O 11. Nc3 Ne8 12. Qd1 b6 13. h5 Ba6 14. hxg6 hxg6 15. Qb3
Nd6 16. Qa3 Qc8 17. Qxd6 Qxc4 18. O-O Bxc3 19. bxc3 Qxc3 20. Bh6 Rfe8 21. Rac1
Qb2 22. Bg5 Qg7 23. Rc7 Bxe2 24. Re1 Bh5 25. Rxd7 Kf8 26. Nf4 1-0

[Event "TCh-FRA Top 12 2021"]
[Site "Chalons en Champagne FRA"]
[Date "2021.06.29"]
[Round "6.3"]
[Board "7"]
[White "Hirth, Julien"]
[Black "Bellahcene, Bilel"]
[Result "0-1"]
[BlackTitle "GM"]
[WhiteElo "2048"]
[BlackElo "2499"]
[WhiteTeam "Club 608 Paris"]
[BlackTeam "Bischwiller"]
[WhiteFideId "636606"]
[BlackFideId "696358"]
[EventDate "2021.06.24"]

1. e4 c5 2. c3 Nf6 3. e5 Nd5 4. Nf3 e6 5. d4 cxd4 6. cxd4 b6 7. Bd3 Bb7 8. Nc3
Nxc3 9. bxc3 Qc7 10. O-O Qxc3 11. Be3 Nc6 12. Ng5 Be7 13. Rc1 Qa3 14. Be4 Bxg5
15. Bxg5 h6 16. Qh5 Qf8 17. Bh4 Rg8 18. d5 exd5 19. Bxd5 g6 20. Qe2 g5 21. Bg3
Qe7 22. Rfe1 Rg6 23. Qe4 Re6 24. Bxe6 fxe6 25. Qg6+ Kd8 26. Qf6 Qxf6 27. exf6
Ke8 28. Rcd1 Bc8 29. f4 Kf7 30. fxg5 hxg5 31. Rf1 d5 32. h4 gxh4 33. Bxh4 Ba6
34. Rfe1 Rh8 35. g3 Bc4 36. a3 b5 37. Kf2 Rg8 38. Kf3 Rh8 39. Bg5 d4 40. Kf4 Bd5
41. Rd2 Kg6 42. Kg4 e5 43. Rf2 Be6+ 44. Kf3 Kxg5 45. Ke4 Rd8 46. f7 Bd5+ 47. Kd3
Rf8 48. Ref1 Bc4+ 0-1

[Event "TCh-FRA Top 12 2021"]
[Site "Chalons en Champagne FRA"]
[Date "2021.06.29"]
[Round "6.3"]
[Board "8"]
[White "Maisuradze, Nino"]
[Black "Auvray, Juliette"]
[Result "0-1"]
[WhiteTitle "WGM"]
[WhiteElo "2251"]
[BlackElo "2010"]
[WhiteTeam "Bischwiller"]
[BlackTeam "Club 608 Paris"]
[WhiteFideId "13601717"]
[BlackFideId "695904"]
[EventDate "2021.06.24"]

1. d4 Nf6 2. Nf3 c5 3. e3 g6 4. Bd3 Bg7 5. c3 d6 6. O-O Nbd7 7. e4 e5 8. dxe5
dxe5 9. Na3 O-O 10. Nc4 Qc7 11. a4 b6 12. Bg5 Bb7 13. Nfd2 h6 14. Bh4 a6 15. Ne3
Bc6 16. c4 Nh5 17. Nd5 Qb7 18. Ra3 Nf4 19. Nb1 Bxd5 20. cxd5 b5 21. axb5 axb5
22. Rb3 Nxd3 23. Qxd3 Rfb8 24. Qc2 g5 25. Bg3 c4 26. Ra3 Bf8 27. Rxa8 Rxa8 28.
Nd2 Ra2 29. Qc3 f6 30. b3 b4 31. Qc1 c3 32. Nc4 Nc5 33. Qb1 Qa6 34. d6 c2 35.
Qe1 Nd3 36. Qe3 Ra1 37. Qxd3 c1=Q 38. Qd5+ Kg7 0-1

[Event "TCh-FRA Top 12 2021"]
[Site "Chalons en Champagne FRA"]
[Date "2021.06.29"]
[Round "6.4"]
[Board "1"]
[White "Vocaturo, Daniele"]
[Black "Lagarde, Maxime"]
[Result "1/2-1/2"]
[WhiteTitle "GM"]
[BlackTitle "GM"]
[WhiteElo "2617"]
[BlackElo "2648"]
[WhiteTeam "Clichy Echecs 92"]
[BlackTeam "C'Chartres Echecs"]
[WhiteFideId "813192"]
[BlackFideId "662399"]
[EventDate "2021.06.24"]

1. e4 c5 2. Nf3 e6 3. d4 cxd4 4. Nxd4 Nf6 5. Nc3 Nc6 6. g3 d5 7. exd5 exd5 8.
Bg2 Bg4 9. f3 Be6 10. Be3 Bb4 11. O-O Bxc3 12. bxc3 O-O 13. Rb1 Qd7 14. Re1 h6
15. c4 dxc4 16. Nxe6 Qxe6 17. Bc5 Rfd8 18. Rxe6 Rxd1+ 19. Rxd1 fxe6 20. f4 Kf7
21. Rd6 Rd8 22. Rxd8 Nxd8 23. Bxa7 Nd5 24. a4 Nc6 25. Bc5 Kf6 26. Kf2 h5 27. Ke1
g6 28. Be4 Kf7 29. Kf1 Kf6 30. Kg2 Kf7 31. Kh3 Na5 32. Bd4 Nc6 33. Bf2 Nce7 34.
Bc5 Nc3 35. Bxb7 Nxa4 36. Bf2 Nc3 37. Kg2 Ncd5 38. Kf3 Nb4 39. Be4 Ned5 40. Bc5
Nc6 41. Kf2 Kf6 42. Be3 Nce7 43. Bd4+ Kf7 44. Bf3 Nb4 45. Be4 Nbd5 46. Bc5 Ng8
47. Bd4 Nh6 48. Ke1 h4 49. Bf3 hxg3 50. hxg3 Nf5 51. Bf2 Nde3 52. g4 Nxc2+ 53.
Kd2 Ncd4 54. Bd1 e5 55. gxf5 Nxf5 56. fxe5 Ke6 57. Be2 Kxe5 58. Bxc4 Nd6 59.
Bg3+ Kd4 60. Bxd6 1/2-1/2

[Event "TCh-FRA Top 12 2021"]
[Site "Chalons en Champagne FRA"]
[Date "2021.06.29"]
[Round "6.4"]
[Board "2"]
[White "Mamedov, Rauf"]
[Black "Van Wely, Loek"]
[Result "1-0"]
[WhiteTitle "GM"]
[BlackTitle "GM"]
[WhiteElo "2654"]
[BlackElo "2620"]
[WhiteTeam "C'Chartres Echecs"]
[BlackTeam "Clichy Echecs 92"]
[WhiteFideId "13401653"]
[BlackFideId "1000268"]
[EventDate "2021.06.24"]

1. e4 c5 2. Nc3 d6 3. Bb5+ Bd7 4. Bxd7+ Qxd7 5. d4 cxd4 6. Qxd4 Nc6 7. Qd3 g6 8.
Nf3 Bg7 9. O-O Nf6 10. Nd5 O-O 11. Bg5 Ng4 12. h3 e6 13. hxg4 exd5 14. exd5 Ne5
15. Nxe5 Bxe5 16. Rae1 Qxg4 17. f4 Bxb2 18. Be7 Rfc8 19. Bxd6 Rc3 20. Qe2 Qxe2
21. Rxe2 Rc4 22. Be7 f5 23. d6 Kf7 24. Rb1 Bd4+ 25. Kh2 Bb6 26. Bg5 h6 27. Re7+
Kg8 28. d7 Re4 29. Rxb6 hxg5 30. Rxg6+ Kf8 31. Rh7 1-0

[Event "TCh-FRA Top 12 2021"]
[Site "Chalons en Champagne FRA"]
[Date "2021.06.29"]
[Round "6.4"]
[Board "4"]
[White "Guliyev, Namig"]
[Black "Hamdouchi, Hicham"]
[Result "1/2-1/2"]
[WhiteTitle "GM"]
[BlackTitle "GM"]
[WhiteElo "2551"]
[BlackElo "2561"]
[WhiteTeam "C'Chartres Echecs"]
[BlackTeam "Clichy Echecs 92"]
[WhiteFideId "13400363"]
[BlackFideId "9000011"]
[EventDate "2021.06.24"]

1. e4 c5 2. Nf3 d6 3. Bb5+ Nd7 4. d4 cxd4 5. Qxd4 a6 6. Bxd7+ Bxd7 7. Nc3 e5 8.
Qd3 h6 9. Nd2 Nf6 10. Nc4 Be6 11. Be3 Ng4 12. O-O-O Bxc4 13. Qxc4 Nxe3 14. fxe3
Qc8 15. Qe2 Be7 16. Nd5 Bd8 17. h4 h5 18. b3 Qg4 19. Qf3 Qxf3 20. gxf3 O-O 21.
Kd2 Rc8 22. c4 Kh7 23. Kd3 g6 24. a4 Kh6 25. f4 exf4 26. exf4 Re8 27. Rd2 b5 28.
axb5 axb5 29. Ra2 bxc4+ 30. bxc4 Rb8 31. Ra6 Rb3+ 32. Kc2 Rb8 33. Rxd6 Rxe4 34.
Kd3 Re8 35. Rd7 Kg7 36. c5 Re6 37. f5 Rc6 38. fxg6 Rxg6 39. Nf4 Rg3+ 40. Kc4 Rg4
41. Rd4 Kh6 42. Nd5 Ra8 43. Rxg4 hxg4 44. c6 g3 45. Rg1 Ra3 46. c7 Bxc7 47. Nxc7
Kh5 48. Nb5 Ra4+ 49. Kd3 Kxh4 50. Nd4 Kg4 51. Nc2 Kh3 52. Ne3 g2 53. Nxg2 Kh2
54. Rf1 Kxg2 55. Rxf7 Kg3 1/2-1/2

[Event "TCh-FRA Top 12 2021"]
[Site "Chalons en Champagne FRA"]
[Date "2021.06.29"]
[Round "6.4"]
[Board "5"]
[White "Libiszewski, Fabien"]
[Black "Maurizzi, Marc Andria"]
[Result "1/2-1/2"]
[WhiteTitle "GM"]
[BlackTitle "IM"]
[WhiteElo "2510"]
[BlackElo "2503"]
[WhiteTeam "Clichy Echecs 92"]
[BlackTeam "C'Chartres Echecs"]
[WhiteFideId "616834"]
[BlackFideId "36083534"]
[EventDate "2021.06.24"]

1. e4 c6 2. Nf3 d5 3. d3 dxe4 4. dxe4 Qxd1+ 5. Kxd1 Nf6 6. Nbd2 Bg4 7. Be2 e6 8.
Ne5 Bxe2+ 9. Kxe2 Nbd7 10. Nd3 O-O-O 11. f3 Be7 12. Nc4 Nb6 13. Nxb6+ axb6 14.
Be3 Nd7 15. a4 Kc7 16. Rhd1 Bd6 17. f4 h5 18. Rd2 Nc5 1/2-1/2

[Event "TCh-FRA Top 12 2021"]
[Site "Chalons en Champagne FRA"]
[Date "2021.06.29"]
[Round "6.4"]
[Board "6"]
[White "Medvegy, Zoltan"]
[Black "Tregubov, Pavel V."]
[Result "1-0"]
[WhiteTitle "GM"]
[BlackTitle "GM"]
[WhiteElo "2527"]
[BlackElo "2557"]
[WhiteTeam "C'Chartres Echecs"]
[BlackTeam "Clichy Echecs 92"]
[WhiteFideId "708402"]
[BlackFideId "4115341"]
[EventDate "2021.06.24"]

1. c4 Nf6 2. Nc3 e5 3. Nf3 Nc6 4. e4 Bb4 5. d3 d6 6. a3 Bc5 7. b4 Bb6 8. Na4 Bd4
9. Nxd4 Nxd4 10. Be2 O-O 11. O-O Ne8 12. Be3 f5 13. exf5 Bxf5 14. Nc3 Nf6 15.
Bxd4 exd4 16. Ne4 Nxe4 17. dxe4 Bxe4 18. Qxd4 Re8 19. Bd3 Qf6 20. Qxf6 gxf6 21.
Rfd1 a5 22. Bf1 Bg6 23. b5 b6 24. Re1 Kf8 25. g3 Rad8 26. Rac1 Rxe1 27. Rxe1 d5
28. Rd1 d4 29. Bd3 Ke7 30. Kf1 Rd6 31. Bxg6 hxg6 32. Ke2 Kd7 33. Kd3 c5 34.
bxc6+ Kxc6 35. a4 g5 36. h4 gxh4 37. gxh4 f5 38. h5 Rh6 39. Rh1 Kc5 40. f4 Rh8
41. h6 Rh7 42. Rh2 Kb4 43. Kxd4 Kxa4 44. Ke5 Kb3 45. Kxf5 1-0

[Event "TCh-FRA Top 12 2021"]
[Site "Chalons en Champagne FRA"]
[Date "2021.06.29"]
[Round "6.4"]
[Board "7"]
[White "Delorme, Axel"]
[Black "Devallee, Jeremie"]
[Result "1-0"]
[WhiteTitle "GM"]
[BlackTitle "FM"]
[WhiteElo "2480"]
[BlackElo "2220"]
[WhiteTeam "Clichy Echecs 92"]
[BlackTeam "C'Chartres Echecs"]
[WhiteFideId "632023"]
[BlackFideId "665240"]
[EventDate "2021.06.24"]

1. e4 c5 2. Nf3 d6 3. Bb5+ Nc6 4. O-O Bd7 5. Re1 Nf6 6. c3 a6 7. Bf1 Bg4 8. h3
Bxf3 9. Qxf3 g6 10. d3 Bg7 11. Be3 Nd7 12. Qd1 O-O 13. Nd2 b5 14. Nf3 Nb6 15. d4
cxd4 16. cxd4 d5 17. e5 e6 18. b3 Qd7 19. Qd2 Rfc8 20. Nh2 Ne7 21. Ng4 Nf5 22.
Bg5 Qa7 23. Ne3 Rc6 24. g4 Nxe3 25. fxe3 Rac8 26. Bd3 Nd7 27. Rf1 b4 28. Qxb4
Nxe5 29. dxe5 h6 30. Bf4 g5 31. Qd4 Qxd4 32. exd4 gxf4 33. Rxf4 a5 34. Raf1 Rc3
35. R1f3 R8c7 36. h4 Bf8 37. g5 hxg5 38. hxg5 Ba3 39. Kh2 Bc1 40. Rg4 R3c6 41.
g6 fxg6 42. Bxg6 Rg7 43. Rf6 Bh6 44. Rg3 Rcc7 45. Rxe6 Rge7 46. Rf6 Bg7 47. Bf5 1-0